000 00461nam a22001577a 4500
003 OSt
008 211013b ||||| |||| 00| 0 eng d
020 _a9788180140423
082 _a692.5
_bGUR/TE
100 _aGurucharan Singh
_aJagadish Singh
_95108
245 _aEstimating Costing and Valuation
260 _aNew Delhi
_bStandard Publishers Distributors
_c2012
300 _a702
650 _aEstimating costing
_aEstimating Valuation
_95109
942 _cBK
999 _c14163
_d14163